<?xml version="1.0" encoding="UTF-8"?>
<record
    xmlns:xsi="http://www.w3.org/2001/XMLSchema-instance"
    xsi:schemaLocation="http://www.loc.gov/MARC21/slim http://www.loc.gov/standards/marcxml/schema/MARC21slim.xsd"
    xmlns="http://www.loc.gov/MARC21/slim">

  <leader>00930na  a2200265   4500</leader>
  <controlfield tag="001">23870</controlfield>
  <controlfield tag="003">MIRAKIL</controlfield>
  <controlfield tag="005">20181213155323.0</controlfield>
  <controlfield tag="008">180111b        tu            000 0      </controlfield>
  <datafield tag="040" ind1=" " ind2=" ">
    <subfield code="a">Milas</subfield>
    <subfield code="b">tur</subfield>
    <subfield code="c">TR-AnCHP</subfield>
  </datafield>
  <datafield tag="041" ind1=" " ind2=" ">
    <subfield code="a">tur</subfield>
  </datafield>
  <datafield tag="082" ind1=" " ind2=" ">
    <subfield code="a">325.21</subfield>
    <subfield code="b">B55m 1994</subfield>
  </datafield>
  <datafield tag="090" ind1=" " ind2=" ">
    <subfield code="a">325.21 B55m 1994</subfield>
  </datafield>
  <datafield tag="110" ind1=" " ind2=" ">
    <subfield code="a">Birle&#x15F;mi&#x15F; Milletler M&#xFC;lteciler Y&#xFC;ksek Komiserli&#x11F;i (BMMYK)</subfield>
  </datafield>
  <datafield tag="245" ind1=" " ind2=" ">
    <subfield code="a">M&#xFC;ltecilerin &#xE7;ocuklar</subfield>
    <subfield code="b">Koruma ve bak&#x131;m klavuzu</subfield>
    <subfield code="c">Birle&#x15F;mi&#x15F; Milletler M&#xFC;lteciler Y&#xFC;ksek Komiserli&#x11F;i (BMMYK)</subfield>
  </datafield>
  <datafield tag="246" ind1=" " ind2=" ">
    <subfield code="a">Koruma ve bak&#x131;m klavuzu</subfield>
  </datafield>
  <datafield tag="260" ind1=" " ind2=" ">
    <subfield code="a">Ankara</subfield>
    <subfield code="b">Birle&#x15F;mi&#x15F; Milletler M&#xFC;lteciler Y&#xFC;ksek Komiserli&#x11F;i (BMMYK)</subfield>
    <subfield code="c">1994</subfield>
  </datafield>
  <datafield tag="300" ind1=" " ind2=" ">
    <subfield code="a">182 s.</subfield>
    <subfield code="c">21 sm.</subfield>
  </datafield>
  <datafield tag="504" ind1=" " ind2=" ">
    <subfield code="a">Dizin var.</subfield>
  </datafield>
  <datafield tag="650" ind1=" " ind2=" ">
    <subfield code="a">M&#xFC;lteciler &#xE7;ocuklar</subfield>
    <subfield code="x">koruma ve bak&#x131;m</subfield>
    <subfield code="x">klavuzlar</subfield>
  </datafield>
  <datafield tag="650" ind1=" " ind2=" ">
    <subfield code="a">M&#xFC;lteciler</subfield>
    <subfield code="x">Hukuki durum</subfield>
  </datafield>
  <datafield tag="650" ind1=" " ind2=" ">
    <subfield code="a">M&#xFC;lteciler &#xE7;ocuklar</subfield>
    <subfield code="x">&#x130;nsan haklar&#x131;</subfield>
  </datafield>
  <datafield tag="740" ind1=" " ind2=" ">
    <subfield code="a">Koruma ve bak&#x131;m klavuzu</subfield>
  </datafield>
  <datafield tag="942" ind1=" " ind2=" ">
    <subfield code="2">ddc</subfield>
    <subfield code="c">BKS</subfield>
  </datafield>
  <datafield tag="952" ind1=" " ind2=" ">
    <subfield code="a">0001</subfield>
    <subfield code="b">0001</subfield>
    <subfield code="d">2018-01-11</subfield>
    <subfield code="e">2</subfield>
    <subfield code="l">0</subfield>
    <subfield code="o">325.21 B55m 1994</subfield>
    <subfield code="p">017850</subfield>
    <subfield code="r">2018-01-11 00:00:00</subfield>
    <subfield code="v">0.00</subfield>
    <subfield code="w">2018-01-11</subfield>
    <subfield code="y">BKS</subfield>
  </datafield>
  <datafield tag="999" ind1=" " ind2=" ">
    <subfield code="c">10462</subfield>
    <subfield code="d">10462</subfield>
  </datafield>
</record>
